| 000 | 00842cam a22002412 4500 | ||
|---|---|---|---|
| 001 | 23397 | ||
| 003 | BD-RjUL | ||
| 005 | 20211209000926.0 | ||
| 008 | 140310s1956 nbuab b 000 0 eng | ||
| 035 | _a(BD-RjUL)23462 | ||
| 040 |
_aDLC _cCSU _dOCL _dBD-RjUL _dBD-RjUL _beng |
||
| 041 | _aeng | ||
| 082 |
_a338 _bALI 1956 |
||
| 100 | 1 |
_aAlexandersson, Gunnar. _q Gunnar Alexandersson. _972059 |
|
| 245 | 1 | 4 |
_aThe industrial structure of American cities : _ba geographic study of urban economy in the United States / _c Gunnar Alexandersson. |
| 260 |
_aLincoln : _bUniversity of Nebraska Press, _c1956. |
||
| 300 |
_a133 p. : _bmaps (part fold., part col.) diagrs., tables. ; _c26 cm. |
||
| 504 | _aBibliographical footnotes. | ||
| 650 | 0 |
_aIndustries _zUnited States. _972060 |
|
| 942 |
_2ddc _cBK |
||
| 999 |
_c23397 _d23397 |
||